| 000 | 01415nam a2200277Ia 4500 | ||
|---|---|---|---|
| 999 |
_c53047 _d53047 |
||
| 001 | 20084 | ||
| 003 | GE_BSU | ||
| 005 | 20250410121818.0 | ||
| 008 | 181216s2016||||ge |||||||||||||| ||geo|| | ||
| 020 | _a9789941085918 | ||
| 040 | _cGE_BSU | ||
| 041 | _ageo | ||
| 080 | _a316.6კ-29 | ||
| 100 |
_aკარნეგი, დეილ _915326 |
||
| 245 |
_aროგორ ვიყოთ ბედნიერი ოჯახში / _cდეილ კარნეგი,მთარგმნელები: ნინა და მარინა თურმანიძეები ; რედ. თამაზ თურმანიძე. |
||
| 264 |
_aთბილისი : _bპეგა, _c2016. |
||
| 300 |
_a230 გვ. ; _b20 სმ. |
||
| 653 | _aოჯახური ცხოვრება. ოჯახის სოციოლოგია. | ||
| 653 | _aროგორ ვიყოთ ბედნიერი ოჯახში | ||
| 653 | _aHow to be happy in the family | ||
| 653 | _aКак быть счастливым в семье | ||
| 700 |
_aთურმანიძე, ნინა _eმთარგმნელი _924749 |
||
| 700 |
_aთურმანიძე, მარინა _eმთარგმნელი _911864 |
||
| 700 |
_aთურმანიძე, თამაზ _eრედაქტორი _911865 |
||
| 942 |
_cBK _2udc |
||